Drapeaux en 15 secondes #1 - Statistiques

Statistiques générales
  • Ce quiz a été pris 3 189 fois
  • Le résultat moyen est 6 sur 15
Statistiques - réponses
Hint Réponse % Correct
France 🇫🇷
47%
Espagne 🇪🇸
44%
Portugal 🇵🇹
44%
Royaume-Uni 🇬🇧
43%
Belgique 🇧🇪
43%
Italie 🇮🇹
43%
Monaco 🇲🇨
42%
Luxembourg 🇱🇺
41%
Vatican 🇻🇦
41%
Islande 🇮🇸
40%
Andorre 🇦🇩
39%
Irlande 🇮🇪
37%
Saint-Marin 🇸🇲
37%
Allemagne 🇩🇪
37%
Pays-Bas 🇳🇱
30%
Aucun quiz correspondant
Distribution des résultats
% des personnes avec chaque résultat
Percentile par nombre de réponses
Votre historique - résultats
Vous n’avez pas pris ce quiz